Reaktívna navigácia bezpilotného lietajúceho prostriedku úzkymi koridormi skladov

Uložené v:
Podrobná bibliografia
Hlavný autor: Buzay, Viktor (Autor)
Ďalší autori: Štec, Filip (Vedúci práce)
Médium: Rukopis Kniha
Jazyk:Slovak
Vydavateľské údaje: 2025
Predmet:
On-line prístup:http://is.stuba.sk/zp/portal_zp.pl?podrobnosti=184481
Tagy: Pridať tag
Žiadne tagy, Buďte prvý, kto otaguje tento záznam!

MARC

LEADER 00000ntm a22000003a 4500
001 stuzp102275
003 SK-STU
005 20250614211118.0
007 ta
008 150427s2015----xo-----f-mn---000-0-slo-d
040 |a STU  |b slo 
041 0 |a slo 
100 1 |a Buzay, Viktor  |u 031000  |4 aut  |U FEI Fakulta elektrotechniky a informatiky  |T FEI Ústav robotiky a kybernetiky  |X 111100  |U E011  |Y 356  |7 111100 
242 0 1 |a Reactive Navigation of Unmanned Aerial Vehicle in Narrow Corridors of Warehouses  |y eng 
245 1 0 |a Reaktívna navigácia bezpilotného lietajúceho prostriedku úzkymi koridormi skladov 
260 |c 2025 
650 4 |a Autonomous drone  |2 eng 
650 4 |a Warehouse enviroment  |2 eng 
650 4 |a Reactivity  |2 eng 
650 4 |a ToF sensor  |2 eng 
650 4 |a Reaktivita  |2 slo 
650 4 |a Skladový priestor  |2 slo 
650 4 |a ToF Senzor  |2 slo 
650 4 |a Autonómny dron  |2 slo 
700 1 |a Štec, Filip  |u 031000  |k Z8  |4 ths  |U FEI Fakulta elektrotechniky a informatiky  |T FEI Ústav robotiky a kybernetiky  |X 72520  |U E011  |Y 356  |7 72520 
856 4 |u http://is.stuba.sk/zp/portal_zp.pl?podrobnosti=184481